000 01329nam a2200349 a 4500
001 57810
003 BD-RjUL
005 20211209080544.0
008 161212r20121988ii a b 001 0 eng d
020 _a9780195645477 (pbk.)
020 _a0195645472 (pbk.)
035 _a(BD-RjUL) 57934
040 _aZQP
_erda
_cZQP
_dCWS
_dOCLCQ
_dYDXCP
_dOCLCG
_dUkOxU
_dUkOxU
_bBD-RjUL
041 1 _aeng
_hfre
082 0 4 _a305.51220954
_223
_bDUH 2012
100 1 _aDumont, Louis,
_d1911-1998,
_9171677
245 1 0 _aHomo hierarchicus :
_bthe caste system and its implications /
_cLouis Dumont ; translated by Mark Sainsbury, Louis Dumont, and Basia Gulati.
250 _aComplete revised English edition.
260 _a Delhi :
_bOxford University Press,
_c1998 [impression 2012]
300 _ali, 490 p. :
_bill. ;
_c22 cm.
490 _aOxford India paperbacks
500 _aOriginally published: Delhi : Oxford University Press, c1988.
504 _aIncludes bibliographical references (pages 448-471) and index.
650 0 _aCaste
_zIndia.
_9171678
650 0 _aManners and customs
_9171679
650 0 _aSocial conditions
_9170900
700 1 _aSainsbury, Mark,
_etranslator.
_9171680
700 1 _aGulati, Basia,
_etranslator.
_9171681
830 0 _aOxford India paperbacks
_9171682
942 _2ddc
_cBK
999 _c57810
_d57810